000
00349nam a2200157Ia 4500
100
_a
Spurk/Joseph H
650
_a
Mechanics
942
_c
BK
366
_f
20
245
_a
Fluid mechanics:Problems and solutions
260
_b
Springer International
_c
1997
082
_a
532
_b
SPU
300
_a
601
546
_a
ENGLISH
_c
Info.Tech
999
_c
32418
_d
32418